Orthodoxie /

Main Author: Chesterton, G. K. 1874-1936
Language: Czech
Published: Stará Říše : A.L. Stříž, 1918
Series: Dobré dílo
Online Access: Digitalizovaný dokument
Physical Description: 262 s., 2 l. ; 8°
Book
Saved in:
LEADER 00822nam a22002412a 4500
001 000662852
003 CZ BrMZK
005 20030324123924.0
007 ta
008 030324s1918 xr f 000 0 cze d
015 |a cnb000573346 
040 |a ABA001  |b cze  |c PNA001  |d BOA001  |d ABA001 
041 1 |a cze  |h eng 
100 1 |a Chesterton, G. K.  |q (Gilbert Keith),  |d 1874-1936  |7 jn19990003827  |4 aut 
245 1 0 |a Orthodoxie /  |c Gilbert Keith Chesterton ; z angl. přel. Antonín Ludvík Stříž 
260 |a Stará Říše :  |b A.L. Stříž,  |c 1918 
300 |a 262 s., 2 l. ;  |c 8° 
490 1 |a Dobré dílo ;  |v sv. 50 
830 0 |a Dobré dílo  |0 s 
856 4 1 |u http://www.digitalniknihovna.cz/mzk/uuid/uuid:ee10a620-252e-11e5-855a-5ef3fc9ae867  |y Digitalizovaný dokument  |x NDK 
910 |a BOA001  |b FLO-0046.877,50 
990 |a BK 
993 |a Y